UBT Library

Auftrags-und Projektmanagement (Record no. 110)

000 -LEADER
fixed length control field 00605nam a22001937a 4500
008 - FIXED-LENGTH DATA ELEMENTS--GENERAL INFORMATION
fixed length control field 131011b xxu||||| |||| 00| 0 ger d
020 ## - INTERNATIONAL STANDARD BOOK NUMBER
International Standard Book Number 3540634134
041 0# - LANGUAGE CODE
Language code of text/sound track or separate title ger
080 ## - UNIVERSAL DECIMAL CLASSIFICATION NUMBER
Universal Decimal Classification number 174.7:658
Common auxiliary subdivision (083.94)
245 10 - TITLE STATEMENT
Title Auftrags-und Projektmanagement
Statement of responsibility, etc Michael Kleinaltenkamp
260 ## -
-- Berlin :
-- New York :
-- Springer ;
-- 1998.
300 ## -
-- 323 f. :
-- me il. ;
-- 24 cm.
500 ## -
-- Vorwort f. : [I]
505 ## -
-- Literaturverzeichnis f. : 313 - 323
650 #0 -
-- Kontratat
650 #0 -
-- Menaxhimi
700 ## -
-- Plinke, Wulff
942 ## - ADDED ENTRY ELEMENTS (KOHA)
Source of classification or shelving scheme
Item type Books
Holdings
Withdrawn status Lost status Source of classification or shelving scheme Damaged status Not for loan Collection code Permanent location Current location Shelving location Date acquired Total Checkouts Full call number Barcode Date last seen Price effective from Koha item type
          Koleksioni i përgjithshem UBT - Prishtine UBT - Prishtine Koleksioni i përgjithshem 10/11/2013   174.7:658 (083.94) KLE 001-000115 10/11/2013 10/11/2013 Books
UBT Library © 2015-2024. All rights reserved University Education for Business and Technology